Statistics for Prijevod latinskih izreka

Click here to take the quiz!

General Stats

  • This quiz has been taken 75 times
  • The average score is 7 of 58

Answer Stats

HintAnswer% Correct
Lupus in fabulaVuk u priči
61%
Historia est magistra vitaePovijest je učiteljica života
56%
Mea culpaMoj grijeh
46%
Veni, vidi, viciDođoh, vidjeh, pobjedih
43%
Cum grano salisSa zrnom soli
40%
In vino veritasU vinu je istina
34%
Pater familiasOtac obitelji
33%
Ora et laboraMoli i radi
31%
Ab ovoOd jajeta
29%
Pater patriaeOtac domovine
29%
Manus manum lavatRuka ruku mije
27%
Tabula rasaPrazna ploča
24%
Amor omnia vincitLjubav sve pobjeđuje
21%
Gloria in excelsis DeoSlava Bogu na visini
21%
Fortunae rotaKolo sreće
19%
Labor omnia vincitRad sve pobjeđuje
17%
Rana in fabulaŽaba u priči
16%
Urbi et orbiGradu i svijetu
11%
Curriculum vitaeTijek života
11%
Vis maiorViša sila
11%
Alpha et Omegapočetak i svršetak
10%
Ad bestiasPred zvijeri
10%
Pars pro totoDio za cjelinu
9%
Quo vadis?Kamo ideš?
9%
Ego sum, qui sumJa sam koji jesam
6%
Societas leoninaLavlje društvo
6%
Ad notamNa znanje
6%
Cave canemČuvaj se psa
4%
Manu propriaVlastitom rukom
4%
Fama estGlas je
3%
Ad actaMeđu spise
3%
Lapsus calamiPogreška pera
3%
Lis litem paritSvađa rađa svađu
3%
Ad metallaU rudnike
3%
Lapsus linguaePogreška u jeziku
1%
Casus belliPovod ratu
1%
Dictum, factumRečeno, učinjeno
1%
Rana avisRijetka ptica
1%
Dies fastusSudnji dan
1%
Arte et MarteUmjetnošću i ratu
1%
In spe vivoU nadi živim
1%
Vis vitalisŽivotna snaga
1%
Dies salutarisDan spasenja
0%
Fama volatGlasina kruži
0%
Carpe diemIskoristiti dan
0%
Carpe feminamIskoristiti ženu
0%
Vae soliJao samome
0%
In omnibus veritasNeka u svemu bude istina
0%
In omnibus caritasNeka u svemu bude ljubav
0%
Lis pendensNeriješen prijepor
0%
Sulo iovePod vedrim nebom
0%
Fabula docetPouka je
0%
Punctum litisPrijeporna točka
0%
Varietas delectatRaznolikost veseli
0%
Cursus honorumSlijed časti
0%
Animal disputaxSvadljiva životinja
0%
Optima fideU najboljoj vjeri
0%
Viribus unitisZdruženim snagama
0%

Score Distribution

Percentile by Number Answered

Percent of People with Each Score

Your Score History

You have not taken this quiz